000 01011nam a22002657a 4500
001 BD-DhSAU 9278
003 BD-DhSAU
005 20260512120607.0
008 260512b2018 bg a|||| m||| 00| 0 eng d
040 _aBD-DhSAU
082 _222
_a631.4
_bR447
100 _aTAMANNA, RIFA
_eRegistration # 22010057
245 _aEffect of biochar on growth and yield of capsicum grown in lead contaminated soil /
_bMS thesis
260 _aSher-e-Bangla Agricultural University;
_bDepartment of Soil Science, ;
_c2024.
300 _avii, 65p. :
_bill. ;
_c30 cm.
500 _aMS thesis of Department of Soil Science, ;, Faculty of Agriculture. Sher-e-Balgla Agricultural University Dhaka-1207
504 _aIncludes bibliographical reference.
590 _aNazmul
650 _abiochar
650 _acapsicum grown in lead contaminated soil
700 _aAssoc. Prof. Dr. A. S. M. Fazle Bari
_eSuperviser
710 _eCo-Superviser
_aProf. Dr. Dr. Mohammad Issak
942 _2ddc
_cTHESIS
999 _c18387
_d18386